Mokrá náruč léta /

Hlavní autor: Lanczová, Lenka, 1964-
Jazyk: Čeština
Vydáno: [Líbeznice] : Víkend, 2011
Vydání: 2. vyd.
Edice: Čtení pro dívky (Víkend)
Témata:
Fyzický popis: 286 s. ; 20 cm
Knihy
Uloženo v:
LEADER 01343cam a2200409 a 4500
001 nkc20112194431
003 CZ PrNK
005 20120606075135.0
007 ta
008 110407s2011 xr d 000 f cze d
015 |a cnb002194431 
020 |a 978-80-7222-737-2  |q (váz.) 
035 |a (OCoLC)780137954 
040 |a TAG001  |b cze  |d CBA001 
072 7 |a 821.162.3-3  |x Česká próza  |2 Konspekt  |9 25 
072 7 |a 821-93  |x Literatura pro děti a mládež (beletrie)  |2 Konspekt  |9 26 
080 |a 821.162.3-31  |2 MRF 
080 |a 821-93  |2 MRF 
080 |a (0:82-312.5)  |2 MRF 
100 1 |a Lanczová, Lenka,  |d 1964-  |7 jn20000401598  |4 aut 
245 1 0 |a Mokrá náruč léta /  |c Lenka Lanczová 
250 |a 2. vyd. 
260 |a [Líbeznice] :  |b Víkend,  |c 2011 
300 |a 286 s. ;  |c 20 cm 
490 1 |a Čtení pro dívky 
655 7 |a české romány  |7 fd133974  |2 czenas 
655 7 |a milostné romány  |7 fd132840  |2 czenas 
655 7 |a publikace pro mládež  |7 fd133157  |2 czenas 
655 9 |a Czech fiction  |2 eczenas 
655 9 |a love novels  |2 eczenas 
655 9 |a juvenile literature  |2 eczenas 
830 0 |a Čtení pro dívky (Víkend)  |0 s 
910 2 |a BOA001  |b 1-1286.071 
990 |a BK 
995 |a 01 
991 |b 201206  |e db 
996 6 |b 2610511821  |c 1-1286.071  |l MZK  |r Sklad / do 1 hodiny  |n 2  |p p.v.  |w 001251921  |u 000010  |a 1  |e BOA001  |j MZK50  |s P